Movimientos migratorios en Costa Rica: censo de población 1984 /
Kaydedildi:
| Yazar: | |
|---|---|
| Diğer Yazarlar: | |
| Materyal Türü: | Metin |
| Etiketler: |
Etiketle
Etiket eklenmemiş, İlk siz ekleyin!
|
MARC
| LEADER | 00000 a a2200000 04500 | ||
|---|---|---|---|
| 001 | 103 | ||
| 003 | |||
| 040 | |||
| 100 | |a Valera Jara, Julio | ||
| 245 | |a Movimientos migratorios en Costa Rica: |b censo de población 1984 / |c Julio Valera Jara ; Hugo González Calvo | ||
| 700 | |a González Calvo, Hugo | ||
| 773 | |g número 7 -8; páginas 245-280 | ||
| 999 | |c 34794 |d 34794 | ||
| 773 | 0 | |0 18806 |9 2163 |a Universidad Nacional de Costa Rica |d Heredia: C.R.: EUNA |o 02220 |t ABRA |x 14093928 | |
